Statistics for Languages of Sao Tome and Principe

Click here to take the quiz!

General Stats

  • This quiz has been taken 20 times
  • The average score is 3 of 7

Answer Stats

PercentLanguage% Correct
98Portuguese
95%
4English
84%
6French
68%
6Angolar
11%
8Cabo Verdian
11%
36Forro
11%
1Lunguie
11%

Score Distribution

Percentile by Number Answered

Percent of People with Each Score

Your Score History

You have not taken this quiz